Modern advanced accounting / (Record no. 17861)
[ view plain ]
| 000 -LEADER | |
|---|---|
| fixed length control field | 00853nam a22002417a 4500 |
| 008 - FIXED-LENGTH DATA ELEMENTS--GENERAL INFORMATION | |
| fixed length control field | 131217t2013 xxua frd 001 0 eng d |
| 020 ## - INTERNATIONAL STANDARD BOOK NUMBER | |
| International Standard Book Number | 0077152840 |
| 020 ## - INTERNATIONAL STANDARD BOOK NUMBER | |
| International Standard Book Number | 9780077152840 |
| 082 04 - DEWEY DECIMAL CLASSIFICATION NUMBER | |
| Edition number | 22 |
| Classification number | 657.046 |
| Item number | LAR |
| 100 1# - MAIN ENTRY--PERSONAL NAME | |
| 9 (RLIN) | 9093 |
| Personal name | Larsen, E. John. |
| 245 10 - TITLE STATEMENT | |
| Title | Modern advanced accounting / |
| Statement of responsibility, etc | E. John Larsen, Mohamed Samy Eldeeb and Tarek Abdel Fattah. |
| 250 ## - EDITION STATEMENT | |
| Remainder of edition statement | 1st ed., |
| Edition statement | Egyptian ed. |
| 260 ## - PUBLICATION, DISTRIBUTION, ETC. (IMPRINT) | |
| Place of publication, distribution, etc | New York, United States : |
| Name of publisher, distributor, etc | McGraw-Hill Education, |
| Date of publication, distribution, etc | c.2013 |
| Place of manufacture | ([Cairo] : |
| Manufacturer | Zamzam Printing House) |
| 300 ## - PHYSICAL DESCRIPTION | |
| Extent | xvi, 619 p. : |
| Other physical details | tables ; |
| Dimensions | 26 cm. |
| 500 ## - GENERAL NOTE | |
| General note | Glossary : p. 600-610. |
| 500 ## - GENERAL NOTE | |
| General note | Index : p. 611-619. |
| 650 #0 - SUBJECT ADDED ENTRY--TOPICAL TERM | |
| 9 (RLIN) | 9036 |
| Topical term or geographic name as entry element | Accounting. |
| 653 ## - INDEX TERM--UNCONTROLLED | |
| Resource For college | |
| Arrived date list | December2013 |
| 655 ## - INDEX TERM--GENRE/FORM | |
| Form subdivision | |
| -- | 33728 |
| 700 1# - ADDED ENTRY--PERSONAL NAME | |
| 9 (RLIN) | 34661 |
| Personal name | Eldeeb, Mohamed Samy |
| 700 1# - ADDED ENTRY--PERSONAL NAME | |
| 9 (RLIN) | 34662 |
| Personal name | Abdel Fattah, Tarek |
| 942 ## - ADDED ENTRY ELEMENTS (KOHA) | |
| Source of classification or shelving scheme | Dewey Decimal Classification |
| Item type | Book - Borrowing |
| Call number prefix | 657.046 LAR |
| Withdrawn status | Item status | Source of classification or shelving scheme | Damaged status | Not for loan | Vendor | Home library | Current library | Shelving location | Date acquired | Source of acquisition | Total Checkouts | Full call number | Barcode | Date last seen | Koha item type | Total Renewals | Date last borrowed |
|---|---|---|---|---|---|---|---|---|---|---|---|---|---|---|---|---|---|
| Dewey Decimal Classification | Baccah | Central Library | Central Library | First floor | 17/12/2013 | 657.046 LAR | 000035216 | 15/07/2025 | NB - Book (Non borrowing) | ||||||||
| Dewey Decimal Classification | Baccah | Central Library | Central Library | First floor | 17/12/2013 | 2 | 657.046 LAR | 000035217 | 15/07/2025 | Book - Borrowing | 9 | 16/09/2015 | |||||
| Dewey Decimal Classification | Baccah | Central Library | Central Library | First floor | 17/12/2013 | 3 | 657.046 LAR | 000035218 | 15/07/2025 | Book - Borrowing | 23 | 30/10/2016 | |||||
| Dewey Decimal Classification | Baccah | Central Library | Central Library | First floor | 17/12/2013 | 3 | 657.046 LAR | 000035219 | 15/07/2025 | Book - Borrowing | 9 | 21/12/2015 | |||||
| Dewey Decimal Classification | Baccah | Central Library | Central Library | First floor | 17/12/2013 | 4 | 657.046 LAR | 000035220 | 15/07/2025 | Book - Borrowing | 55 | 01/10/2016 | |||||
| Dewey Decimal Classification | Baccah | Central Library | Central Library | First floor | 17/12/2013 | 2 | 657.046 LAR | 000035221 | 15/07/2025 | Book - Borrowing | 12 | 22/08/2016 | |||||
| Dewey Decimal Classification | Baccah | Central Library | Central Library | First floor | 17/12/2013 | 1 | 657.046 LAR | 000035222 | 15/07/2025 | Book - Borrowing | 4 | 24/09/2014 |